Statistics for Chicago Bulls 2016-17 Roster

Click here to take the quiz!

General Stats

  • This quiz has been taken 270 times
    (208 since last reset)
  • The average score is 9 of 16

Answer Stats

Nbr Post Player % Correct
21ForwardJimmy Butler
100%
3GuardDwyane Wade
92%
8CenterRobin Lopez
84%
9GuardRajon Rondo
84%
44ForwardNikola Mirotic
71%
45GuardDenzel Valentine
64%
-Head CoachFred Hoiberg
58%
5ForwardBobby Portis
58%
2GuardJerian Grant
50%
0GuardIsaiah Canaan
45%
7GuardMichael Carter-Williams
45%
22GuardCameron Payne
45%
6Forward-CenterCristiano Felicio
42%
16ForwardPaul Zipser
42%
77Center-ForwardJoffrey Lauvergne
29%
11GuardAnthony Morrow
29%

Score Distribution

Percentile by Number Answered

Percent of People with Each Score

Your Score History

You have not taken this quiz since the last reset